000 00616cam a22002053a 4500
001 45527
003 PGUSA
005 20140828084043.0
008 140428s2014||||xxu|||||s|||||000 | eng d
040 _aPGUSA
_beng
042 _adc
100 1 _aIreland, Patrick of
_cSaint
245 1 0 _aOmnia Opera Sancti Patricii :
_bAll the Works of Saint Patrick
_h[electronic resource] /
_cPatrick of Ireland
260 _bProject Gutenberg,
_c2014
506 _aPublic domain in the USA.
516 _aElectronic text
830 0 _aProject Gutenberg
_v45527
856 4 0 _uhttp://www.gutenberg.org/ebooks/45527
942 _cEB
999 _c274778
_d274778